Welcome to WEB OPAC of MRSPTU Central Library

Introduction to process economics (Record no. 1930)

MARC details
000 -LEADER
fixed length control field 00385nam a2200157Ia 4500
008 - FIXED-LENGTH DATA ELEMENTS--GENERAL INFORMATION
fixed length control field 230711s9999||||xx |||||||||||||| ||und||
041 ## - LANGUAGE CODE
Language code of text/sound track or separate title ENG
082 ## - DEWEY DECIMAL CLASSIFICATION NUMBER
Classification number 658
Item number HO-P
100 ## - MAIN ENTRY--PERSONAL NAME
Personal name Holland,F.A
245 #0 - TITLE STATEMENT
Title Introduction to process economics
250 ## - EDITION STATEMENT
Edition statement 2nd
260 ## - PUBLICATION, DISTRIBUTION, ETC.
Date of publication, distribution, etc. 1983
Place of publication, distribution, etc. New York
Name of publisher, distributor, etc. John Wiley & Sons.Inc
300 ## - PHYSICAL DESCRIPTION
Extent 346
650 ## - SUBJECT ADDED ENTRY--TOPICAL TERM
Topical term or geographic name entry element UNIVESITY BUSNIESS SCHOOL
942 ## - ADDED ENTRY ELEMENTS (KOHA)
Koha item type Book
Holdings
Withdrawn status Lost status Damaged status Not for loan Collection Home library Current library Date acquired Total checkouts Full call number Barcode Date last seen Price effective from Koha item type
          MRSPTU Central Library MRSPTU Central Library     658 HO-P 8386 08/17/2023 08/17/2023 Book

Website Designed and Developed by MRSPTU Central Library Team

E-mail Id: librarian@mrsptu.ac.in